<?xml version="1.0" encoding="UTF-8"?>
<record
    xmlns:xsi="http://www.w3.org/2001/XMLSchema-instance"
    xsi:schemaLocation="http://www.loc.gov/MARC21/slim http://www.loc.gov/standards/marcxml/schema/MARC21slim.xsd"
    xmlns="http://www.loc.gov/MARC21/slim">

  <leader>02347cam a22002771i 4500</leader>
  <controlfield tag="003">SA_RiAUC</controlfield>
  <controlfield tag="005">20250711134956.0</controlfield>
  <controlfield tag="008">250711q20002009ua     g      001 0 ara c</controlfield>
  <datafield tag="040" ind1=" " ind2=" ">
    <subfield code="a">SA-RiKAPL</subfield>
    <subfield code="b">ara</subfield>
    <subfield code="c">SA-RiAUC</subfield>
    <subfield code="d">KAC</subfield>
    <subfield code="e">rda</subfield>
  </datafield>
  <datafield tag="043" ind1=" " ind2=" ">
    <subfield code="a">a-su---</subfield>
  </datafield>
  <datafield tag="082" ind1="0" ind2="4">
    <subfield code="a">953.124</subfield>
    <subfield code="q">SA-RiAUC</subfield>
  </datafield>
  <datafield tag="090" ind1=" " ind2=" ">
    <subfield code="a">953.124</subfield>
    <subfield code="b">&#x645; &#x631; &#x62C;</subfield>
  </datafield>
  <datafield tag="245" ind1="0" ind2="2">
    <subfield code="a">&#x627;&#x644;&#x645;&#x631;&#x62C;&#x639; &#x641;&#x64A; &#x62A;&#x627;&#x631;&#x64A;&#x62E; &#x627;&#x644;&#x637;&#x627;&#x626;&#x641; /</subfield>
    <subfield code="c">&#x62C;&#x645;&#x639; &#x648;&#x625;&#x639;&#x62F;&#x627;&#x62F; &#x645;&#x62D;&#x645;&#x62F; &#x627;&#x644;&#x632;&#x627;&#x64A;&#x62F;&#x64A;.</subfield>
  </datafield>
  <datafield tag="264" ind1=" " ind2="1">
    <subfield code="a">&#x627;&#x644;&#x642;&#x627;&#x647;&#x631;&#x629; :</subfield>
    <subfield code="b">&#x62F;&#x627;&#x631; &#x627;&#x644;&#x641;&#x643;&#x631; &#x627;&#x644;&#x639;&#x631;&#x628;&#x64A;&#x60C;</subfield>
    <subfield code="c">[&#x628;&#x64A;&#x646; 2000 &#x648;2009]</subfield>
  </datafield>
  <datafield tag="300" ind1=" " ind2=" ">
    <subfield code="a">280 &#x635;&#x641;&#x62D;&#x629; &#x61B;</subfield>
    <subfield code="c">24 &#x633;&#x645;</subfield>
  </datafield>
  <datafield tag="336" ind1=" " ind2=" ">
    <subfield code="a">&#x646;&#x635;</subfield>
    <subfield code="b">txt</subfield>
    <subfield code="2">rdacontent</subfield>
    <subfield code="3">&#x643;&#x62A;&#x627;&#x628;</subfield>
  </datafield>
  <datafield tag="337" ind1=" " ind2=" ">
    <subfield code="a">&#x628;&#x62F;&#x648;&#x646; &#x648;&#x633;&#x64A;&#x637;</subfield>
    <subfield code="b">n</subfield>
    <subfield code="2">rdamedia</subfield>
  </datafield>
  <datafield tag="338" ind1=" " ind2=" ">
    <subfield code="a">&#x645;&#x62C;&#x644;&#x62F;</subfield>
    <subfield code="b">nc</subfield>
    <subfield code="2">rdacarrier</subfield>
  </datafield>
  <datafield tag="500" ind1=" " ind2=" ">
    <subfield code="a">&#x643;&#x634;&#x627;&#x641;&#x627;&#x62A; : &#x635;&#x641;&#x62D;&#x629; 242-280.</subfield>
  </datafield>
  <datafield tag="504" ind1=" " ind2=" ">
    <subfield code="a">&#x64A;&#x634;&#x62A;&#x645;&#x644; &#x639;&#x644;&#x649; &#x625;&#x631;&#x62C;&#x627;&#x639;&#x627;&#x62A; &#x628;&#x628;&#x644;&#x64A;&#x648;&#x62C;&#x631;&#x627;&#x641;&#x64A;&#x629;.</subfield>
  </datafield>
  <datafield tag="520" ind1=" " ind2=" ">
    <subfield code="a">&#x64A;&#x639;&#x62F; &#x647;&#x630;&#x627; &#x627;&#x644;&#x643;&#x62A;&#x627;&#x628; &#x645;&#x635;&#x62F;&#x631; &#x645;&#x647;&#x645; &#x644;&#x62A;&#x627;&#x631;&#x64A;&#x62E; &#x645;&#x62F;&#x64A;&#x646;&#x629; &#x627;&#x644;&#x637;&#x627;&#x626;&#x641; &#x641;&#x64A; &#x627;&#x644;&#x645;&#x645;&#x644;&#x643;&#x629; &#x627;&#x644;&#x639;&#x631;&#x628;&#x64A;&#x629; &#x627;&#x644;&#x633;&#x639;&#x648;&#x62F;&#x64A;&#x629;. &#x627;&#x644;&#x643;&#x62A;&#x627;&#x628; &#x64A;&#x63A;&#x637;&#x64A; &#x62C;&#x648;&#x627;&#x646;&#x628; &#x645;&#x62A;&#x639;&#x62F;&#x62F;&#x629; &#x645;&#x646; &#x62A;&#x627;&#x631;&#x64A;&#x62E; &#x627;&#x644;&#x637;&#x627;&#x626;&#x641;&#x60C; &#x628;&#x645;&#x627; &#x641;&#x64A; &#x630;&#x644;&#x643; : &#x627;&#x644;&#x62A;&#x627;&#x631;&#x64A;&#x62E; &#x627;&#x644;&#x642;&#x62F;&#x64A;&#x645; : &#x64A;&#x62A;&#x646;&#x627;&#x648;&#x644; &#x627;&#x644;&#x643;&#x62A;&#x627;&#x628; &#x62A;&#x627;&#x631;&#x64A;&#x62E; &#x627;&#x644;&#x637;&#x627;&#x626;&#x641; &#x645;&#x646;&#x630; &#x627;&#x644;&#x639;&#x635;&#x648;&#x631; &#x627;&#x644;&#x642;&#x62F;&#x64A;&#x645;&#x629;&#x60C; &#x628;&#x645;&#x627; &#x641;&#x64A; &#x630;&#x644;&#x643; &#x627;&#x644;&#x62D;&#x636;&#x627;&#x631;&#x627;&#x62A; &#x627;&#x644;&#x62A;&#x64A; &#x633;&#x643;&#x646;&#x62A; &#x627;&#x644;&#x645;&#x646;&#x637;&#x642;&#x629; &#x648;&#x627;&#x644;&#x623;&#x62D;&#x62F;&#x627;&#x62B; &#x627;&#x644;&#x62A;&#x627;&#x631;&#x64A;&#x62E;&#x64A;&#x629; &#x627;&#x644;&#x628;&#x627;&#x631;&#x632;&#x629;&#x60C; &#x627;&#x644;&#x62A;&#x627;&#x631;&#x64A;&#x62E; &#x627;&#x644;&#x625;&#x633;&#x644;&#x627;&#x645;&#x64A; : &#x64A;&#x633;&#x644;&#x637; &#x627;&#x644;&#x636;&#x648;&#x621; &#x639;&#x644;&#x649; &#x62F;&#x648;&#x631; &#x627;&#x644;&#x637;&#x627;&#x626;&#x641; &#x641;&#x64A; &#x627;&#x644;&#x62A;&#x627;&#x631;&#x64A;&#x62E; &#x627;&#x644;&#x625;&#x633;&#x644;&#x627;&#x645;&#x64A;&#x60C; &#x628;&#x645;&#x627; &#x641;&#x64A; &#x630;&#x644;&#x643; &#x627;&#x644;&#x641;&#x62A;&#x648;&#x62D;&#x627;&#x62A; &#x627;&#x644;&#x625;&#x633;&#x644;&#x627;&#x645;&#x64A;&#x629; &#x648;&#x627;&#x644;&#x623;&#x62D;&#x62F;&#x627;&#x62B; &#x627;&#x644;&#x645;&#x647;&#x645;&#x629; &#x627;&#x644;&#x62A;&#x64A; &#x648;&#x642;&#x639;&#x62A; &#x641;&#x64A; &#x627;&#x644;&#x645;&#x62F;&#x64A;&#x646;&#x629;&#x60C; &#x627;&#x644;&#x62A;&#x637;&#x648;&#x631; &#x627;&#x644;&#x639;&#x645;&#x631;&#x627;&#x646;&#x64A; : &#x64A;&#x646;&#x627;&#x642;&#x634; &#x627;&#x644;&#x643;&#x62A;&#x627;&#x628; &#x62A;&#x637;&#x648;&#x631; &#x627;&#x644;&#x637;&#x627;&#x626;&#x641; &#x645;&#x646; &#x646;&#x627;&#x62D;&#x64A;&#x629; &#x627;&#x644;&#x628;&#x646;&#x64A;&#x629; &#x627;&#x644;&#x62A;&#x62D;&#x62A;&#x64A;&#x629; &#x648;&#x627;&#x644;&#x639;&#x645;&#x631;&#x627;&#x646;&#x60C; &#x648;&#x643;&#x64A;&#x641; &#x62A;&#x62D;&#x648;&#x644;&#x62A; &#x627;&#x644;&#x645;&#x62F;&#x64A;&#x646;&#x629; &#x639;&#x628;&#x631; &#x627;&#x644;&#x639;&#x635;&#x648;&#x631;&#x60C; &#x627;&#x644;&#x62C;&#x648;&#x627;&#x646;&#x628; &#x627;&#x644;&#x62B;&#x642;&#x627;&#x641;&#x64A;&#x629; &#x648;&#x627;&#x644;&#x627;&#x62C;&#x62A;&#x645;&#x627;&#x639;&#x64A;&#x629; : &#x64A;&#x62A;&#x646;&#x627;&#x648;&#x644; &#x627;&#x644;&#x643;&#x62A;&#x627;&#x628; &#x627;&#x644;&#x62D;&#x64A;&#x627;&#x629; &#x627;&#x644;&#x62B;&#x642;&#x627;&#x641;&#x64A;&#x629; &#x648;&#x627;&#x644;&#x627;&#x62C;&#x62A;&#x645;&#x627;&#x639;&#x64A;&#x629; &#x641;&#x64A; &#x627;&#x644;&#x637;&#x627;&#x626;&#x641;&#x60C; &#x628;&#x645;&#x627; &#x641;&#x64A; &#x630;&#x644;&#x643; &#x627;&#x644;&#x639;&#x627;&#x62F;&#x627;&#x62A; &#x648;&#x627;&#x644;&#x62A;&#x642;&#x627;&#x644;&#x64A;&#x62F; &#x627;&#x644;&#x645;&#x62D;&#x644;&#x64A;&#x629;&#x60C; &#x627;&#x644;&#x623;&#x62D;&#x62F;&#x627;&#x62B; &#x627;&#x644;&#x62D;&#x62F;&#x64A;&#x62B;&#x629; : &#x64A;&#x63A;&#x637;&#x64A; &#x627;&#x644;&#x643;&#x62A;&#x627;&#x628; &#x627;&#x644;&#x623;&#x62D;&#x62F;&#x627;&#x62B; &#x627;&#x644;&#x62D;&#x62F;&#x64A;&#x62B;&#x629; &#x627;&#x644;&#x62A;&#x64A; &#x623;&#x62B;&#x631;&#x62A; &#x639;&#x644;&#x649; &#x627;&#x644;&#x637;&#x627;&#x626;&#x641;&#x60C; &#x628;&#x645;&#x627; &#x641;&#x64A; &#x630;&#x644;&#x643; &#x627;&#x644;&#x62A;&#x637;&#x648;&#x631;&#x627;&#x62A; &#x627;&#x644;&#x627;&#x642;&#x62A;&#x635;&#x627;&#x62F;&#x64A;&#x629; &#x648;&#x627;&#x644;&#x633;&#x64A;&#x627;&#x633;&#x64A;&#x629;. </subfield>
  </datafield>
  <datafield tag="651" ind1=" " ind2="7">
    <subfield code="a">&#x627;&#x644;&#x637;&#x627;&#x626;&#x641; (&#x627;&#x644;&#x633;&#x639;&#x648;&#x62F;&#x64A;&#x629;)</subfield>
    <subfield code="x">&#x62A;&#x627;&#x631;&#x64A;&#x62E;</subfield>
    <subfield code="2">aucsh</subfield>
  </datafield>
  <datafield tag="700" ind1="1" ind2=" ">
    <subfield code="a">&#x627;&#x644;&#x632;&#x627;&#x64A;&#x62F;&#x64A;&#x60C; &#x645;&#x62D;&#x645;&#x62F;</subfield>
    <subfield code="e">&#x62C;&#x627;&#x645;&#x639;.</subfield>
  </datafield>
  <datafield tag="942" ind1=" " ind2=" ">
    <subfield code="2">ddc</subfield>
    <subfield code="c">BOOK</subfield>
  </datafield>
  <datafield tag="949" ind1=" " ind2=" ">
    <subfield code="a">SA-JeALM</subfield>
    <subfield code="d">250711</subfield>
    <subfield code="u">khaled123</subfield>
    <subfield code="n">1</subfield>
  </datafield>
  <datafield tag="952" ind1=" " ind2=" ">
    <subfield code="0">0</subfield>
    <subfield code="1">0</subfield>
    <subfield code="2">ddc</subfield>
    <subfield code="4">0</subfield>
    <subfield code="7">0</subfield>
    <subfield code="a">WAHAB</subfield>
    <subfield code="b">WAHAB</subfield>
    <subfield code="d">2025-07-11</subfield>
    <subfield code="l">0</subfield>
    <subfield code="o">953.124 &#x645; &#x631; &#x62C;</subfield>
    <subfield code="p">000015930</subfield>
    <subfield code="r">2025-07-11 13:51:15</subfield>
    <subfield code="w">2025-07-11</subfield>
    <subfield code="y">BOOK</subfield>
  </datafield>
  <datafield tag="952" ind1=" " ind2=" ">
    <subfield code="0">0</subfield>
    <subfield code="1">0</subfield>
    <subfield code="2">ddc</subfield>
    <subfield code="4">0</subfield>
    <subfield code="7">0</subfield>
    <subfield code="a">WAHAB</subfield>
    <subfield code="b">WAHAB</subfield>
    <subfield code="d">2025-07-11</subfield>
    <subfield code="l">0</subfield>
    <subfield code="o">953.124 &#x645; &#x631; &#x62C;</subfield>
    <subfield code="p">000015931</subfield>
    <subfield code="r">2025-07-11 13:51:15</subfield>
    <subfield code="w">2025-07-11</subfield>
    <subfield code="y">BOOK</subfield>
  </datafield>
  <datafield tag="952" ind1=" " ind2=" ">
    <subfield code="0">0</subfield>
    <subfield code="1">0</subfield>
    <subfield code="2">ddc</subfield>
    <subfield code="4">0</subfield>
    <subfield code="7">0</subfield>
    <subfield code="a">WAHAB</subfield>
    <subfield code="b">WAHAB</subfield>
    <subfield code="d">2025-07-11</subfield>
    <subfield code="l">0</subfield>
    <subfield code="o">953.124 &#x645; &#x631; &#x62C;</subfield>
    <subfield code="p">000015932</subfield>
    <subfield code="r">2025-07-11 13:51:15</subfield>
    <subfield code="w">2025-07-11</subfield>
    <subfield code="y">BOOK</subfield>
  </datafield>
  <datafield tag="999" ind1=" " ind2=" ">
    <subfield code="c">9774</subfield>
    <subfield code="d">9774</subfield>
  </datafield>
</record>
